000 00607nam a2200193 i 4500
001 106081
003 ES-MaACL
005 20230906184042.0
007 t|
008 060925s1965 sp ||||1| spa d
080 _a821.134.2(729.5)-32"19"
100 1 _aAgostini de del Río, Amelia.
_918577
245 1 0 _aViñetas de Puerto Rico /
_cpor Amelia Agostini de del Rio.
260 _aMadrid :
_bAlfaguara,
_c[1965]
300 _a212 p. ;
_c18 cm.
500 _aBiblioteca Juan Andrade.
852 _aES-MaACL
_jAND-808
_bR.110100
_q. - Ded. autógr. de la autora
852 _aES-MaACL
_jC-28899
_bR.58190
999 _c106081
_d106081